| 000 | 00500nam a2200169 i 4500 | ||
|---|---|---|---|
| 001 | 104299 | ||
| 003 | ES-MaACL | ||
| 005 | 20230906183550.0 | ||
| 007 | t| | ||
| 008 | 051128s1981 sp ||||1| spa d | ||
| 100 | 1 |
_aMiguel Pérez, Isidro de. _981033 |
|
| 245 | 1 | 3 |
_aLa Constitución de la democracia española / _cIsidro de Miguel Pérez. |
| 250 | _a[2ª ed.]. | ||
| 260 |
_aMadrid : _bCientífica Iberoamericana, _c1981. |
||
| 300 |
_a179 p. ; _c21 cm. |
||
| 852 |
_aES-MaACL _jL-2846 _bR.103833 |
||
| 999 |
_c104299 _d104299 |
||